LIBRARY & INFORMATION CENTRE, KCAET, TAVANUR

ONLINE PUBLIC ACCESS CATALOGUE (OPAC)

First Indian war of independence 1857-1859 (Record no. 11171)

MARC details
000 -LEADER
fixed length control field 00352cam a2200145ua 4500
041 ## - LANGUAGE CODE
Language code of text/sound track or separate title eng
082 ## - DEWEY DECIMAL CLASSIFICATION NUMBER
Classification number 335.4
Item number MAX/FI
100 ## - MAIN ENTRY--AUTHOR NAME
Personal name Marx,kard,, F. Engle .
245 ## - TITLE STATEMENT
Title First Indian war of independence 1857-1859
260 ## - PUBLICATION, DISTRIBUTION, ETC. (IMPRINT)
Place of publication Moscow :
Name of publisher Progress publications ,
Year of publication 1968.
300 ## - PHYSICAL DESCRIPTION
Number of Pages 225 ; .
942 ## - ADDED ENTRY ELEMENTS (KOHA)
Koha item type Books
Holdings
Withdrawn status Lost status Damaged status Home library Current library Date acquired Full call number Accession Number Koha item type
Withdrawn     KAUAET Sanskrit University 07/04/2012 335.4 12037 Books
free website counter